000
00214 a2200097 4500
001
31415
100
_a
Jennings
245
_a
Using microsoft Access 2000
260
_a
New Delhi
_b
IDG
_c
1998
090
_c
21302
_d
21302
942
_a
NUST-CAE
_c
M
_c
12562
999
_c
266488
_d
266488